| 000 | 00603nam a2200205 a 4500 | ||
|---|---|---|---|
| 005 | 20191224041631.0 | ||
| 008 | 140305b1979 ck ||||| |||| 00| 0 spa d | ||
| 041 | _aspa | ||
| 044 | _ack | ||
| 090 |
_aLB _b02122 |
||
| 100 |
_aAcero Duarte, Luis Enrique _98542 |
||
| 245 | _aPrincipales plantas útiles de la Amazonia colombiana | ||
| 260 |
_aBogotá _bProyecto Radargramétrico del Amazonas _c1979 |
||
| 300 | _a263 p. | ||
| 650 |
_aPlantas útiles _915404 |
||
| 650 |
_aDescripción de especies _915405 |
||
| 650 |
_aUso de biodiversidad _9343 |
||
| 662 |
_aColombia _cAmazonia |
||
| 942 |
_cImpreso _2z |
||
| 999 |
_c2299 _d2299 |
||